000 01023nam a22003015a 4500
001 4637
003 FISKH
005 20240918141048.0
008 920403s1992 nyua j 000 1 eng
010 _a 92142421
020 _a0525448721 :
040 _aDLC
_cDLC
_beng
050 _aPZ7.M64
082 _a823.912
100 1 _aMilne, A. A.
_q(Alan Alexander),
_d1882-1956.
245 1 0 _aPooh and Piglet go hunting /
_cA.A. Milne ; decorations by Ernest H. Shepard.
260 _aNew York :
_bDutton Children's Books,
_c1992.
300 _a19 pages :
_bcolor illustrations ;
_c20 cm
505 _aK
520 _aPooh and Piglet follow some intriguing tracks in the snow. Includes a pewter charm of both characters on a ribbon.
521 8 _a510
_bLexile estimate
521 8 _aK
_bRaz-Plus
650 1 _aToys
_xFiction.
700 1 _aShepard, Ernest H.
_q(Ernest Howard),
_d1879-1976,
_eillustrator
906 _a7
_bcbu
_corignew
_d2
_encip
_f19
_gy-gencatlg
942 _2ddc
_cBK
_n0
999 _c4637
_d4637